| 000 | 01144pab a2200169 454500 | ||
|---|---|---|---|
| 008 | 180718b2006 xxu||||| |||| 00| 0 eng d | ||
| 100 | _aMishra, Pramod K. | ||
| 245 | _aTowards excellence in disaster management: Governance and sustainability of post-disaster initiatives | ||
| 260 | _c2006 | ||
| 300 | _ap.370-381. | ||
| 362 | _aJul-Sep | ||
| 520 | _aExperience shows that post-disaster recovery and reconstruction provide - though one should not wait for a disaster to happen - an opportunity to introduce and enhance the acceptability of disaster risk reduction measures among various stakeholders. This, however, can be realised only if governance and sustainability issues are addressed. There is a need to create institutional structures and mechanisms to not only undertake disaster risk reduction measures, but also to incorporate them as an integral part of development programmes and schemes. It is also necessary to focus on pre-disaster planning for sustainable reconstruction and recovery. - Reproduced. | ||
| 650 | _aDisaster prevention | ||
| 773 | _aIndian Journal of Public Administration | ||
| 908 | _aN | ||
| 909 | _a72332 | ||
| 999 |
_c72332 _d72332 |
||